От первого лица: Повести и рассказы

Detalles Bibliográficos
Autor Principal: Михеев А. М. Алексей Михайлович
Outros autores: Боловинцева О. (иллюстратор)
Summary:Исключено из фонда НТБ ТПУ
Idioma:ruso
Publicado: Москва, Советский писатель, 1990
Formato: Libro
KOHA link:https://koha.lib.tpu.ru/cgi-bin/koha/opac-detail.pl?biblionumber=144501

MARC

LEADER 00000nam0a2200000 4500
001 144501
005 20231031143725.0
010 |a 5265011587 
020 |a RU  |b 90-31983 
035 |a (RuTPU)RU\TPU\book\156597 
090 |a 144501 
100 |a 20081003d1990 m y0rusy5003 ca 
101 0 |a rus 
102 |a RU 
105 |a a z 000ay 
200 1 |a От первого лица  |e Повести и рассказы  |f А. М. Михеев  |g худож. О. Боловинцева 
210 |a Москва  |c Советский писатель  |d 1990 
215 |a 407,[2] с.  |c портр., ил. 
333 |a Исключено из фонда НТБ ТПУ 
700 1 |a Михеев  |b А. М.  |g Алексей Михайлович 
702 1 |a Боловинцева  |b О.  |4 440 
801 0 |a RU  |b RuMRKP  |c 19950417  |g psbo 
801 1 |a RU  |b 63413507  |c 20081003  |g PSBO 
801 2 |a RU  |b 63413507  |c 20220614  |g PSBO 
942 |c BK